| 000 | 00656nam a2200217 a 4500 | ||
|---|---|---|---|
| 005 | 20210223130614.0 | ||
| 008 | 080918s1970 mx r 000 0 spa d | ||
| 035 | _aUPN01000159587 | ||
| 049 | _aUNE | ||
| 080 | _a374.1 =40 ERD No.3. | ||
| 100 | 1 |
_aErdos, Renée F. _937798 |
|
| 245 | 1 | 3 |
_aL' Enseignement par correspondance / _cRenée F. Erdos. |
| 260 |
_aParís : _bUNESCO _c1970. |
||
| 300 |
_a167 p. : _bil. |
||
| 440 | 0 |
_aProgrammes et méthodes d'enseignement ; _v3 |
|
| 690 | _aEnseñanza a distancia | ||
| 690 | _aMétodos de enseñanza - Educación extraescolar | ||
| 700 | 1 |
_aSimon, Pierre, _ecoaut. |
|
| 710 | 2 | _aUNESCO | |
| 905 | _aUNESCO | ||
| 999 |
_c131701 _d131701 |
||